AOTY: Top 100 Albums of All Time - Statistics

General Stats
  • This quiz has been taken 181 times
    110 since last reset
  • The average score is 58 of 100
Answer Stats
Artist Album % Correct
001. Kendrick Lamar To Pimp a Butterfly
92%
007. Radiohead OK Computer
89%
013. The Beatles Abbey Road
87%
003. Kendrick Lamar good kid, m.A.A.d city
87%
028. Pink Floyd The Dark Side of the Moon
86%
038. Tyler, the Creator IGOR
82%
010. Nas Illmatic
82%
004. Radiohead In Rainbows
81%
080. Kanye West My Beautiful Dark Twisted Fantasy
81%
035. Kanye West The College Dropout
81%
018. Radiohead Kid A
80%
009. Madvillain Madvillainy
79%
060. Nirvana Nevermind
79%
006. Pink Floyd Wish You Were Here
79%
022. Lauryn Hill The Miseducation of Lauryn Hill
78%
002. Stevie Wonder Songs in the Key of Life
76%
031. Pink Floyd Animals
75%
079. Frank Ocean Blonde
74%
030. Daft Punk Discovery
74%
016. King Crimson In the Court of the Crimson King
74%
024. Prince and the Revolution Purple Rain
74%
072. Michael Jackson Thriller
74%
023. System of a Down Toxicity
74%
012. Marvin Gaye What's Going On
74%
015. Jeff Buckley Grace
73%
081. Kanye West Late Registration
73%
008. Björk Vespertine
73%
014. Wu-Tang Clan Enter the Wu-Tang (36 Chambers)
71%
041. Danny Brown Atrocity Exhibition
69%
019. Have a Nice Life Deathconsciousness
69%
064. Nirvana In Utero
69%
074. JID The Forever Story
68%
084. The Beatles Revolver
67%
097. my bloody valentine loveless
66%
025. Sufjan Stevens Illinois
65%
005. Godspeed You! Black Emperor Lift Yr. Skinny Fists Like Antennas to Heaven!
65%
053. OutKast Aquemini
64%
075. J Dilla Donuts
64%
037. JPEGMAFIA LP!
64%
063. Metallica Master of Puppets
64%
098. The Notorious B.I.G. Ready to Die
64%
039. A Tribe Called Quest The Low End Theory
64%
017. The Microphones The Glow Pt. 2
62%
029. Miles Davis Kind of Blue
61%
056. King Crimson Red
61%
042. Black Country, New Road Ants From Up There
60%
076. Magdalena Bay Imaginal Disk
60%
021. David Bowie The Rise and Fall of Ziggy Stardust and the Spiders From Mars
60%
062. David Bowie
59%
067. Cocteau Twins Heaven or Las Vegas
59%
066. Swans To Be Kind
59%
033. Fishmans LONG SEASON
58%
087. Freddie Gibbs & Madlib Piñata
58%
026. The Jimi Hendrix Experience Electric Ladyland
56%
027. Fionna Apple When the Pawn...
56%
070. Joni Mitchell Blue
55%
052. Kate Bush Hounds of Love
55%
085. Black Sabbath Paranoid
55%
048. Miles Davis Bitches Brew
54%
061. Bob Dylan Highway 61 Revisited
54%
020. Björk Homogenic
54%
050. Mobb Deep The Infamous
54%
068. Car Seat Headrest Twin Fantasy (Face to Face)
54%
047. Talking Heads Remain in Light
53%
011. Charles Mingus The Black Saint and the Sinner Lady
53%
044. Nine Inch Nails The Downward Spiral
53%
036. John Coltrane A Love Supreme
52%
058. Mos Def Black on Both Sides
52%
034. The Cure Disintegration
52%
095. Death Grips Exmilitary
52%
071. Elliott Smith Either / Or
51%
077. Nick Drake Pink Moon
51%
055. Swans Soundtracks for the Blind
51%
051. Portishead Dummy
48%
032. Sade Love Deluxe
48%
096. Little Simz Sometimes I Might Be Introvert
47%
092. Sufjan Stevens Carrie & Lowell
46%
049. Joanna Newsom Ys
46%
065. Stevie Wonder Innervisions
45%
057. Godspeed You! Black Emperor F♯ A♯ ∞
44%
090. Bob Dylan Blonde on Blonde
42%
069. Earl Sweatshirt solace
41%
088. David Bowie Station to Station
39%
054. Swans The Glowing Man
39%
089. Swans The Seer
39%
078. Mount Eerie A Crow Looked at Me
38%
091. George Harrison All Things Must Pass
38%
043. Death Symbolic
35%
059. Pharoah Sanders Karma
34%
093. The Avalanches Since I Left You
33%
094. Miles Davis In a Silent Way
31%
046. Chico Buarque Construção
26%
040. Godspeed You! Black Emperor Slow Riot for New Zerø Kanada
26%
083. Lil Ugly Mane Uneven Compromise
26%
045. Milton Nascimento & Lô Borges Clube da Esquina
25%
099. Joanna Newsom Have One on Me
22%
082. Death The Sound of Perseverance
21%
086. Gustavo Cerati Bocanada
19%
073. Racionais MC's Sobrevivendo no Inferno
14%
100. Jorge Ben A Tábua de Esmeralda
12%
No matching quizzes found
Score Distribution
Percent of People with Each Score
Percentile by Number Answered
Your Score History
You have not taken this quiz since the last reset